LIBRARY & INFORMATION CENTRE, KCAET, TAVANUR

ONLINE PUBLIC ACCESS CATALOGUE (OPAC)

Purogathiyum daridriavum (Record no. 632)

MARC details
000 -LEADER
fixed length control field 00374cam a2200169ua 4500
041 ## - LANGUAGE CODE
Language code of text/sound track or separate title mal
082 ## - DEWEY DECIMAL CLASSIFICATION NUMBER
Classification number 338.9
Item number HEN/PU
100 ## - MAIN ENTRY--AUTHOR NAME
Personal name Henry, George .
245 ## - TITLE STATEMENT
Title Purogathiyum daridriavum
260 ## - PUBLICATION, DISTRIBUTION, ETC. (IMPRINT)
Place of publication Calicut :
Name of publisher P.K Brothers ,
Year of publication 1964.
300 ## - PHYSICAL DESCRIPTION
Number of Pages 94 ; .
942 ## - ADDED ENTRY ELEMENTS (KOHA)
Koha item type Books
Holdings
Withdrawn status Lost status Damaged status Home library Current library Date acquired Full call number Accession Number Koha item type
Withdrawn     KAUAET Sanskrit University 07/04/2012 338.9 9263 Books
free website counter